00417nam a2200133 a 450000100100000000500170001000800410002704000250006810000250009324500530011826000460017130000200021758600460023700004010820201002033925.0130807s1976 cu 000 0 spa d aDO-SdBNPbspacBNPHU1 aMiranda, Hernández13aLa moneda y otros poemas /cHernández Miranda. aLa Habana :bCasa de las Americas,c1976. a51 p. ;c21 cm. aPremio Casa de las Americas 1976 poesía